Digital Compression for Multimedia: Principles and Standard/ (Record no. 1824)
[ view plain ]
| 000 -LEADER | |
|---|---|
| Fixed length control field | 00624nam a2200181 4500 |
| 003 - CONTROL NUMBER IDENTIFIER | |
| Control field | SEACOMEC |
| 005 - DATE AND TIME OF LATEST TRANSACTION | |
| Control field | 20241118160941.0 |
| 008 - FIXED-LENGTH DATA ELEMENTS--GENERAL INFORMATION | |
| Fixed length control field | 241118b |||||||| |||| 00| 0 eng d |
| 020 ## - INTERNATIONAL STANDARD BOOK NUMBER / ISBN | |
| International Standard Book Number | 978-1558603691 |
| Price | 395.00 |
| 040 ## - CATALOGING SOURCE | |
| Original cataloging agency | SEACOMEC |
| 082 ## - DEWEY DECIMAL CLASSIFICATION NUMBER | |
| Classification number | 005.746 |
| Book Number | G449 |
| 100 ## - MAIN ENTRY--PERSONAL NAME | |
| Personal name | Gibson, Jerry D... ...etal |
| 245 ## - TITLE STATEMENT | |
| Title | Digital Compression for Multimedia: Principles and Standard/ |
| Statement of responsibility | Jerry D. Gibson, Toby Berger , Tom Lookabaugh , Rich Baker and David Lindbergh |
| 260 ## - IMPRINT | |
| Place of publication | New Delhi |
| Name of publisher | Elsevier |
| Date of publication | 1998 |
| 300 ## - PHYSICAL DESCRIPTION | |
| Page / Vol. No | 478 p |
| 440 ## - SERIES STATEMENT | |
| Series Title | The Morgan Kaufmann Series in Multimedia Information and Systems |
| 942 ## - ADDED ENTRY ELEMENTS (KOHA) | |
| Koha item type | Books |
| Withdrawn status | Lost status | Source of classification | Damaged status | Not for loan | Home library | Current library | Date acquired | Total Checkouts | Call number | Accession number | Date last seen | Price effective from | Koha item type |
|---|---|---|---|---|---|---|---|---|---|---|---|---|---|
| Dewey Decimal Classification | SEACOM ENGINEERING COLLEGE | SEACOM ENGINEERING COLLEGE | 12/07/2007 | 005.746 G449 | 7570 | 18/11/2024 | 18/11/2024 | Books |
